| 000 | 01213cam a22003134a 4500 | ||
|---|---|---|---|
| 001 | 12352870 | ||
| 003 | OSt | ||
| 005 | 20211109090440.0 | ||
| 008 | 010320s2001 maua b 100 0 eng | ||
| 010 | _a 2001029488 | ||
| 020 | _a1558441441 (pbk.) | ||
| 040 |
_aDLC _cHU _dDLC |
||
| 042 | _apcc | ||
| 043 | _an-us--- | ||
| 050 | 0 | 0 |
_aHJ4120 _b.P6718 2001 |
| 082 | 0 | 0 |
_a336.22/0973PRO2001 _221 |
| 245 | 0 | 0 |
_aProperty taxation and local government finance / _cedited by Wallace E. Oates. |
| 260 |
_aCambridge, MA : _bLincoln Institute of Land Policy, _c2001. |
||
| 300 |
_ax, 345 p. : _bill. ; _c26 cm. |
||
| 500 | _aBased on a conference held in Scottsdale, Ariz. in Jan. 2000. | ||
| 504 | _aIncludes bibliographical references. | ||
| 650 | 0 |
_aProperty tax _zUnited States _vCongresses. _917374 |
|
| 650 | 0 |
_aLocal finance _zUnited States _vCongresses. _917375 |
|
| 700 | 1 |
_aOates, Wallace E. _917376 |
|
| 710 | 2 |
_aLincoln Institute of Land Policy. _917377 |
|
| 906 |
_a7 _bcbc _corignew _d1 _eocip _f20 _gy-gencatlg |
||
| 942 |
_2ddc _cBOOKS _n0 |
||
| 999 |
_c17194 _d17194 |
||